000 00946cam a2200289 4500
008 090401t1995 xxu||||| |||| 00| 0 eng d
020 _a0471963577
035 _a(Sirsi) u37523
041 _aeng
050 _a333.7203
245 4 _aThe concise lexicon of environmental terms: with a list of scientific abbreviations and glossary of acronyms.
260 _aChichester
_bJohn Wiley and Sons
_c1995
300 _a256p. ; 23cm.
350 _a12.95
490 _aEnvironmental Law Series
520 _aPublished in association with the United Kingdom Environmental Law Association.
650 _aDEFINITIONS
650 _aDICTIONARIES
650 _aEnvironment
_96238
650 _aENVIRONMENTAL TERMS
650 _aUKELA
650 _aUNITED KINGDOM ENVIRONMENTAL LAW ASSOCIATION
690 _aENVIRONMENTAL AND LAND CONSULTANCY
700 _aGrant, Malcolm & Hawkins, Richard,
_xEditor
942 _n0
948 _c04/03/1997
999 _c90490
_d90490